01887nam a2200337Ia 4500952010800000952011100108952010800219952011100327952010200438999001700540008004100557020001800598050002100616245006800637250001900705260003900724300003600763504004600799505031500845519004501160519004501205519004501250519004501295519004501340650001501385700003601400700003701436700003301473700003101506942001201537 00104070a04b04d2008-07-28l2oTJ211 F86 2007p04 001581r2015-09-07s2015-08-04t1w2012-06-24yLB 00104070a04b04d2008-07-28l1m1oTJ211 F86 2007p04 001582r2015-08-03s2015-05-26t2w2012-06-24yLB 00104070a04b04d2010-01-27l1oTJ211 F86 2007p04 002643r2015-06-09s2015-06-05t3w2012-06-24yLB 00104070a04b04d2010-01-27l2m1oTJ211 F86 2007p04 002644r2015-05-21s2015-02-19t4w2012-06-24yLB 00102lcc4070a04b04d2018-06-07l0oTJ211 F86 2007p05 000700r2023-02-10t1w2018-06-07yLB c62161d62161120625s2007 sp 001 0 spa d a9788448156367 4aTJ211 bF86 200700aFundamentos de robótica c / Antonio Barrientos... [et. al.]  a2a. edición  aEspañab : McGraw Hill c , 2007 axvi, 624 páginas c ; 25 cm.  aBibliografia al final de cada capítulo 0 aMorfologíoa del robot Herramientas matemáticas para la localización espacial Cinemática del robot Dinámica del robot Control cinemático Control dinámico Programación de robots Criterios de implantación de un robot industrial Aplicaciones de los robots Fundamentos de telecoperación  aMaterial Complementario / d(04 001581)  aMaterial Complementario / d(04 001582)  aMaterial Complementario / d(04 002643)  aMaterial Complementario / d(04 002644)  aMaterial Complementario / d(05 000700)  4aROBÓTICA1 aBarrientos, Antonio e , autor 1 aPeñin, Luis Felipe e , autor 1 aBalaguer, Carlos e , autor 1 aAracil, Rafael e , autor  cLB2lcc